Gravitation (Record no. 7640)

MARC details
000 -LEADER
fixed length control field 00888pam a2200301 4500
001 - CONTROL NUMBER
control field 4159516
003 - CONTROL NUMBER IDENTIFIER
control field OSt
005 - DATE AND TIME OF LATEST TRANSACTION
control field 20220121105048.0
008 - FIXED-LENGTH DATA ELEMENTS--GENERAL INFORMATION
fixed length control field 730220s1973 caua b 001 0 eng
010 ## - LIBRARY OF CONGRESS CONTROL NUMBER
LC control number 78156043
020 ## - INTERNATIONAL STANDARD BOOK NUMBER
International Standard Book Number 9780521882231
040 ## - CATALOGING SOURCE
Original cataloging agency DLC
Transcribing agency DLC
Modifying agency DLC
050 00 - LIBRARY OF CONGRESS CALL NUMBER
Classification number QC178
Item number .M57
082 00 - DEWEY DECIMAL CLASSIFICATION NUMBER
Item number 531.14 PAD 2010
100 1# - MAIN ENTRY--PERSONAL NAME
Personal name Padmanabhan, T;
9 (RLIN) 7984
245 10 - TITLE STATEMENT
Title Gravitation
Statement of responsibility, etc. Padmanabhan, T;
260 ## - PUBLICATION, DISTRIBUTION, ETC. (IMPRINT)
Place of publication, distribution, etc. Cambridge
Name of publisher, distributor, etc. Cambridge
Date of publication, distribution, etc. 2010
300 ## - PHYSICAL DESCRIPTION
Extent xxvi,700p.
Other physical details ill,
Dimensions 26 cm.
350 ## - PRICE (NR) (BK AM CF MU VM SE) [OBSOLETE]
Price $39.50
504 ## - BIBLIOGRAPHY, ETC. NOTE
Bibliography, etc it i includes notes and index.
650 #0 - SUBJECT ADDED ENTRY--TOPICAL TERM
Topical term or geographic name as entry element Physics.
9 (RLIN) 7985
650 #0 - SUBJECT ADDED ENTRY--TOPICAL TERM
Topical term or geographic name as entry element Astrophysics.
9 (RLIN) 7955
650 #0 - SUBJECT ADDED ENTRY--TOPICAL TERM
Topical term or geographic name as entry element General relativity (Physics)
9 (RLIN) 7986
700 1# - ADDED ENTRY--PERSONAL NAME
Personal name Thorne, Kip S.,
Relator term joint author.
9 (RLIN) 7987
700 1# - ADDED ENTRY--PERSONAL NAME
Personal name Wheeler, John Archibald,
Dates associated with a name 1911-2008,
Relator term joint author.
9 (RLIN) 7988
906 ## - LOCAL DATA ELEMENT F, LDF (RLIN)
a 7
b cbc
c orignew
d 1
e ncip
f 19
g y-gencatlg
942 ## - ADDED ENTRY ELEMENTS (KOHA)
Source of classification or shelving scheme Dewey Decimal Classification
Koha item type Open Shelf
Holdings
Withdrawn status Lost status Source of classification or shelving scheme Damaged status Not for loan Home library Current library Date acquired Source of acquisition Inventory number Total Checkouts Full call number Barcode Date last seen Price effective from Koha item type
    Dewey Decimal Classification     MUST Main Library MUST Main Library 21/01/2022 Donation 11/35467   531.14 PAD 2010 2022-0088 21/01/2022 21/01/2022 Open Shelf